MARC

LEADER 00000nam0a2200000 4500
001 322140
005 20231102003438.0
035 |a (RuTPU)RU\TPU\book\347696 
090 |a 322140 
100 |a 20160917d1938 m y0rusy50 ca 
101 0 |a rus 
102 |a RU 
105 |a af j 001zy 
200 1 |a Устройство поверхности рудников  |e учебное пособие для втузов  |f А. Г. Фролов 
210 |a Москва  |a Ленинград  |c Главная редакция горно-топливной и геолого-разведочной литературы  |d 1938 
215 |a 651 с.  |c ил., вкл. л 
320 |a Библиогр.: с. 643-648 
606 1 |a Рудничные сооружения, поверхностные  |2 stltpush  |3 (RuTPU)RU\TPU\subj\25875  |9 49926 
610 1 |a рудники 
610 1 |a поверхности 
610 1 |a надшахтные сооружения 
610 1 |a надшахтные устройства 
610 1 |a внутрицеховой транспорт 
610 1 |a погрузочно-складские устройства 
610 1 |a полезные ископаемые 
610 1 |a рудничные склады 
610 1 |a отвалы 
610 1 |a технические задания 
610 1 |a горнотехнические сооружения 
610 1 |a учебные пособия 
675 |a 622.014.5  |v 4 
700 1 |a Фролов  |b А. Г. 
801 1 |a RU  |b 63413507  |c 20160917 
801 2 |a RU  |b 63413507  |c 20191213  |g RCR 
942 |c BK